Fußballvereine mit Borussia im Namen - Statistiken

Allgemein
  • Dieses Quiz wurde 160 mal gespielt
  • Das Durchschnittsergebnis liegt bei 4 aus 7
Antwortstatistiken
Bundesland Verein % Korrekt
NRW Borussia Dortmund
100%
NRW Borussia Mönchengladbach
99%
Berlin Tennis Borussia Berlin
66%
Saarland Borussia Neunkirchen
61%
Sachsen Anhalt Stendaler SV Borussia
24%
Hessen Borussia Fulda
16%
NRW SV Borussia Wuppertal
5%
Keine übereinstimmenden Quizze gefunden
Verteilung der Resultate
Anzahl Personen mit jedem Resultat
Perzentil nach korrekt beantworteten Fragen
Ihre Resultats-Entwicklung
Sie haben dieses Quiz noch nicht gespielt